000 00508nam a2200205Ia 4500
003 OSt
005 20230503160648.0
008 210423s1979 xx 000 0 und d
020 _a511862
040 _cAL
041 _aeng
082 _a581
_223
_b LAEW
100 _aLAETSCH (Watson M).
_997357
245 _aPlants: basic concepts in botany.
260 _aBoston
_bLaw Publications
_c1979
300 _a510
_bPB
365 _cINR
906 _abasic ; botany ; concepts ; Plants:
942 _2ddc
_cBK
999 _c163532
_d163532